| 000 | 00520nam a2200181 a 4500 | ||
|---|---|---|---|
| 001 | 3658 | ||
| 003 | CDMR | ||
| 005 | 20130529131900.0 | ||
| 008 | 130130s1978||||||||||||||||||||||||||||d | ||
| 040 |
_aCDMR _bcat _cCDMR |
||
| 100 | 1 |
_aAmat Noguera, Núria _92604 |
|
| 245 | 1 | 0 |
_aTécnicas documentales y fuentes de información _cNúria Amat Noguera |
| 260 |
_aBarcelona _c1978 _bBiblograf |
||
| 300 |
_a485 p ; _c23 cm |
||
| 650 | 0 | 4 |
_aDocumentació _92605 |
| 650 | 0 | 4 |
_aPeriodisme _93564 _xFonts d'informació |
| 942 |
_cMON _2udc |
||
| 999 |
_c3658 _d3658 |
||